| 000 | 00000nas 2200000zi 4500 |
| 001 | 9.903654 |
| 003 | CaOODSP |
| 005 | 20231214101334 |
| 006 | m o d f |
| 007 | cr cn |||||||| |
| 008 | 210927c20169999qucar p o s f0###b0fre|d |
| 020 | |z9780660305271 |
| 022 | |a2564-3797 |
| 040 | |aCaOODSP|bfre|erda|cCaOODSP |
| 043 | |an-cn--- |
| 086 | 1 |aEn11-19F-PDF|zEn14-376/2016F-PDF |
| 222 | 0|aRèglement sur les effluents des systèmes d'assainissement des eaux usées |
| 245 | 00|aRèglement sur les effluents des systèmes d'assainissement des eaux usées : |brapport d'étape ... |
| 264 | 1|aGatineau (Québec) : |bEnvironnement et changement climatique Canada = Environment and Climate Change Canada, |c2019- |
| 310 | |aAnnual |
| 336 | |atexte|btxt|2rdacontent/fre |
| 337 | |ainformatique|bc|2rdamedia/fre |
| 338 | |aressource en ligne|bcr|2rdacarrier/fre |
| 362 | 1 |aParaît depuis 2016. |
| 500 | |aPublié aussi en anglais sous le titre : Wastewater systems effluent regulations: status report. |
| 500 | |aTitre de la couverture. |
| 588 | |aDescription d'après : 2016. |
| 588 | |aDernière livraison consultée : 2016. |
| 650 | 6|aEaux usées|xStations de traitement|zCanada|vStatistiques. |
| 650 | 6|aEaux usées|xStations de traitement|zCanada|vPériodiques. |
| 655 | 7|aStatistiques|2rvmgf |
| 655 | 7|aPériodiques|2rvmgf |
| 710 | 1 |aCanada. |bEnvironnement et changement climatique Canada, |eorganisme de publication |
| 775 | 08|tWastewater systems effluent regulations : |w(CaOODSP)9.903652 |